Statistics for management and economics / (Record no. 2446)

000 -LEADER
fixed length control field nam a22 7a 4500
005 - DATE AND TIME OF LATEST TRANSACTION
control field 20170516124624.0
008 - FIXED-LENGTH DATA ELEMENTS--GENERAL INFORMATION
fixed length control field 170516b1978 mau||||| |||| 00| 0 eng d
020 ## - INTERNATIONAL STANDARD BOOK NUMBER
International Standard Book Number 0878721428
040 ## - CATALOGING SOURCE
Original cataloging agency AKMAL
082 ## - DEWEY DECIMAL CLASSIFICATION NUMBER
Classification number 519.5 MEN
090 ## - LOCALLY ASSIGNED LC-TYPE CALL NUMBER (OCLC); LOCAL CALL NUMBER (RLIN)
Classification number (OCLC) (R) ; Classification number, CALL (RLIN) (NR) 519.5
Local cutter number (OCLC) ; Book number/undivided call number, CALL (RLIN) MEN
100 1# - MAIN ENTRY--PERSONAL NAME
Personal name Mendenhall, William.
9 (RLIN) 5048
245 10 - TITLE STATEMENT
Title Statistics for management and economics /
Statement of responsibility, etc. William Mendenhall, James E. Reinmuth.
250 ## - EDITION STATEMENT
Edition statement 3d ed
260 ## - PUBLICATION, DISTRIBUTION, ETC.
Place of publication, distribution, etc. North Scituate, Mass. :
Name of publisher, distributor, etc. Duxbury Press,
Date of publication, distribution, etc. c1978
300 ## - PHYSICAL DESCRIPTION
Extent x, 789 p. :
Other physical details ill. ;
Dimensions 24 cm
504 ## - BIBLIOGRAPHY, ETC. NOTE
Bibliography, etc. note Includes bibliographies and index.
650 #0 - SUBJECT ADDED ENTRY--TOPICAL TERM
Topical term or geographic name entry element Statistics
9 (RLIN) 512
700 1# - ADDED ENTRY--PERSONAL NAME
Personal name Reinmuth, James E.,
Dates associated with a name 1940-
Relator term joint author.
9 (RLIN) 5062
942 ## - ADDED ENTRY ELEMENTS (KOHA)
Source of classification or shelving scheme
Koha item type Book
Holdings
Withdrawn status Lost status Source of classification or shelving scheme Damaged status Not for loan Collection code Home library Current library Shelving location Date acquired Inventory number Total Checkouts Full call number Barcode Date last seen Price effective from Koha item type
          NON-FICTION AKMAL Melaka AKMAL Melaka PINJAMAN 16.05.2017 500082   519.5 MEN 201706717 16.05.2017 16.05.2017 Book
Pusat Sumber Maklumat Dato' Haji Sarmin Md Hussin, Akademi Kastam Diraja Malaysia, Melaka
Tel: 06-2331106 | Faks: 06-2313787